00656nam a22001937a 450000500170000001000150001702000260003203500140005803700130007208200120008510000200009724501420011726000390025927000780029830000310037650000190040770000160042670000200044220170217114415.0 aENG-117284 a9789386062581c695.00 aEN-100816 bDBAD/PUB00a303.324 aBoddington,Nick10aUnderstanding personal,social, health and economic education in primary schools / cby Nick boddington, Adrian King [and] Jenny McWhirter aNew DelhibSAGE Publicationsc2014 aB1/I-1 Mohan Cooperative Industrial Area, Mathura RoadbNew Delhie110044 aix,283p. :c24cm(pbk)bill aIncludes index aAdrian King aJenny McWhirter